00919cam a22002531a 45000010008000000030009000080050017000170080041000340100017000750350020000920400024001120420012001360500015001480820013001631000022001762450080001982600038002783000026003165000192003425000020005345020043005545040032005976510036006296594706BDDh-ASL20231015025752.0850212s1965 ii b 001 0 eng  asa 66000645  a(OCoLC)11687892 aDLCcScGFdBDDh-ASL apremarc00aJQ254b.R3 a954bRAC1 aRashiduzzaman, M.14aThe central legislature in British India, 1921-1947 /cby M. Rashiduzzaman. aDacca :bMullick Brothers,c1965. axiv, 282 p. :c23 cm. a"Thesis approved for the degree of Doctor of Philosophy by the University of Durham and chosen co-winner of the Gilbert Campion Award by the Hansard Society for Parliamentary Government." aIncludes index. aThesis (Ph. D.)--University of Durham. aBibliography: p. [270]-277. 0aIndiaxPolitics and government.